[Event "Int. Championship of Central Serbia - OP"]
[Site "Paracin"]
[Date "2011.07.11"]
[Round "4.29"]
[White "Marjanovic, Dejan"]
[Black "Ravic, Nenad"]
[Result "1/2-1/2"]
[WhiteElo "2153"]
[BlackElo "2311"]
[PlyCount "77"]
[EventDate "2011.07.08"]

1. e4 c5 2. Nf3 d6 3. d4 cxd4 4. Nxd4 Nf6 5. Nc3 a6 6. Rg1 e6 7. g4 d5 8. exd5
Nxd5 9. Nxd5 Qxd5 10. Be3 Qa5+ 11. c3 Be7 12. Bg2 O-O 13. Qb3 Qc7 14. O-O-O Nd7
15. Kb1 Nc5 16. Qc2 Bd7 17. f4 Rab8 18. f5 e5 19. Nb3 Nxb3 20. axb3 Rfd8 21. g5
g6 22. Be4 gxf5 23. Bxf5 Bxf5 24. Qxf5 Rxd1+ 25. Rxd1 Rd8 26. Rxd8+ Bxd8 27. h4
Be7 28. h5 Qd6 29. Qc8+ Bf8 30. Ka2 Qd5 31. Qe8 Qd6 32. Qc8 Qd5 33. Qf5 a5 34.
g6 hxg6 35. hxg6 fxg6 36. Qxg6+ Bg7 37. Qe8+ Kh7 38. Qh5+ Kg8 39. Qe8+ 1/2-1/2

[Event "Int. Championship of Central Serbia - OP"]
[Site "Paracin"]
[Date "2011.07.11"]
[Round "4.30"]
[White "Dinic, Dragan"]
[Black "Pregarac, Valter"]
[Result "1-0"]
[WhiteElo "2297"]
[BlackElo "2105"]
[PlyCount "99"]
[EventDate "2011.07.08"]

1. e4 e6 2. d4 d5 3. Nc3 dxe4 4. Nxe4 Nd7 5. Nf3 Ngf6 6. Ned2 c5 7. dxc5 Bxc5
8. Bd3 O-O 9. O-O Qc7 10. Qe2 Be7 11. c3 b6 12. Nb3 Nc5 13. Nxc5 Qxc5 14. Bg5
Bb7 15. Ne5 Rad8 16. Rad1 Nd5 17. Bc1 Nf6 18. Rfe1 Bd5 19. Bb1 Qc7 20. Rd4 Qb7
21. Rh4 g6 22. Bh6 Nd7 23. Rg4 Nf6 24. Bxf8 Bxf8 25. Rf4 Bg7 26. f3 Qc7 27. Rd4
Nd7 28. f4 Nf6 29. Red1 Rc8 30. c4 Bb7 31. b3 a6 32. Kh1 Bh6 33. Qd2 Kg7 34.
Qc3 Kg8 35. Qe3 Bf8 36. Qh3 Bc5 37. R4d2 Bb4 38. Re2 Rf8 39. Qe3 Bc5 40. Qc3 a5
41. h3 Qe7 42. Kh2 Bb4 43. Qb2 Ba3 44. Qd2 Bb4 45. Qd3 Nh5 46. g3 Bc8 47. Nc6
Qc5 48. Nxb4 Qxb4 49. Qd2 Qc5 50. Qd6 1-0

[Event "Int. Championship of Central Serbia - OP"]
[Site "Paracin"]
[Date "2011.07.11"]
[Round "4.31"]
[White "Markoja, Boris"]
[Black "Milosevic, Aleksandar"]
[Result "1-0"]
[WhiteElo "1944"]
[BlackElo "2295"]
[PlyCount "67"]
[EventDate "2011.07.08"]

1. e4 c5 2. Nf3 Nc6 3. d4 cxd4 4. Nxd4 Nf6 5. Nc3 g6 6. Be3 Bg7 7. Bc4 O-O 8.
Bb3 a5 9. a4 Ng4 10. Qxg4 Nxd4 11. Bxd4 Bxd4 12. Qg3 e6 13. Rd1 Qf6 14. O-O
Bxc3 15. bxc3 Ra6 16. e5 Qe7 17. Bc4 Rc6 18. Bb5 Rc7 19. Rd6 f5 20. f4 Rf7 21.
Qe3 g5 22. c4 gxf4 23. Qb6 Qd8 24. Rxf4 Rg7 25. g3 h5 26. Kf2 Rg4 27. Rxg4+
hxg4 28. Qxa5 f4 29. Qd2 fxg3+ 30. Kxg3 Qe7 31. Rd4 Rc5 32. Rxg4+ Kh7 33. Qd3+
Kh8 34. Qg6 1-0

[Event "Int. Championship of Central Serbia - OP"]
[Site "Paracin"]
[Date "2011.07.11"]
[Round "4.32"]
[White "Elez, Sinisa"]
[Black "Gajic, Mladen"]
[Result "0-1"]
[WhiteElo "2149"]
[BlackElo "2269"]
[Annotator ",WORKGROUP"]
[PlyCount "69"]
[EventDate "2011.07.08"]

1. e4 Nf6 2. e5 Nd5 3. d4 d6 4. Nf3 dxe5 5. Nxe5 c6 6. Be2 Nd7 7. c4 Nc7 8. Nf3
g6 9. Nc3 Bg7 10. O-O O-O 11. Be3 h6 12. h3 Kh7 13. Qb3 a6 14. a4 f5 15. Rad1
Ne8 16. Rfe1 Qc7 17. Qa3 e6 18. Bf1 Rf7 19. d5 e5 20. c5 a5 21. Bc4 Rf8 22.
dxc6 bxc6 23. Be6 Rb8 24. Bc1 Rb4 25. Bxd7 Bxd7 26. Na2 Rb7 27. Be3 e4 28. Nd4
Nf6 29. Nc3 Qe5 30. Nde2 Rb4 31. f4 Qe7 32. Rd6 Ne8 33. Rdd1 Rf7 34. Kh1 Bf8
35. Bf2 {necitko} 0-1

[Event "Int. Championship of Central Serbia - OP"]
[Site "Paracin"]
[Date "2011.07.11"]
[Round "4.33"]
[White "Sarenac, Ivan"]
[Black "Zajic, Milan"]
[Result "1-0"]
[WhiteElo "2315"]
[BlackElo "2074"]
[PlyCount "81"]
[EventDate "2011.07.08"]

1. e4 c5 2. Nf3 d6 3. Bc4 Nf6 4. d3 g6 5. O-O Bg7 6. c3 O-O 7. Bb3 Nc6 8. Re1
e5 9. Nbd2 Rb8 10. a4 a6 11. Nf1 b5 12. axb5 axb5 13. Bg5 h6 14. Bxf6 Bxf6 15.
Ne3 Ne7 16. Nd5 Nxd5 17. Bxd5 Bb7 18. Qb3 Bc8 19. Ra7 Qe8 20. Rea1 Bd8 21. Ra8
Rxa8 22. Rxa8 Qd7 23. h3 Kg7 24. d4 exd4 25. cxd4 Bf6 26. dxc5 dxc5 27. Ra5 Qc7
28. Rxb5 Re8 29. Qc2 Qf4 30. Rxc5 Bxh3 31. gxh3 Qxf3 32. e5 Qxh3 33. exf6+ Kh7
34. Qc3 Qg4+ 35. Bg2 Rd8 36. Re5 Qf4 37. Re1 Rd6 38. Qe5 Qd2 39. Qe7 Rd7 40.
Qf8 Qxe1+ 41. Bf1 1-0

[Event "Int. Championship of Central Serbia - OP"]
[Site "Paracin"]
[Date "2011.07.11"]
[Round "4.34"]
[White "Savic, Dragan"]
[Black "Farago, Ivan"]
[Result "1/2-1/2"]
[WhiteElo "2160"]
[BlackElo "2485"]
[PlyCount "86"]
[EventDate "2011.07.08"]

1. e4 c5 2. Nf3 e6 3. c3 Nf6 4. e5 Nd5 5. d4 cxd4 6. Nxd4 Qc7 7. Qh5 Nc6 8.
Nxc6 bxc6 9. Nd2 Nf4 10. Qg4 Ng6 11. Nf3 h6 12. Qg3 d6 13. Bd3 Nxe5 14. Nxe5
dxe5 15. O-O g6 16. f4 Bb7 17. fxe5 O-O-O 18. Bc4 Rd7 19. Rxf7 Bc5+ 20. Be3
Bxe3+ 21. Qxe3 Rxf7 22. Bxe6+ Kb8 23. Bxf7 Qxf7 24. e6 Qc7 25. Rf1 Re8 26. Rf6
Qd6 27. h3 Bc8 28. Rxg6 Rxe6 29. Rxe6 Qxe6 30. Qxe6 Bxe6 31. b3 Kc7 32. Kf2 Kd6
33. Ke3 Ke5 34. g4 Bd5 35. h4 Be4 36. b4 Bc2 37. c4 a6 38. Kd2 Bb1 39. a4 Kd4
40. b5 cxb5 41. cxb5 a5 42. g5 hxg5 43. hxg5 Kc5 1/2-1/2

[Event "Int. Championship of Central Serbia - OP"]
[Site "Paracin"]
[Date "2011.07.11"]
[Round "4.35"]
[White "Sarenac, David"]
[Black "Ratkovic, Milovan"]
[Result "1-0"]
[WhiteElo "2315"]
[BlackElo "2146"]
[PlyCount "91"]
[EventDate "2011.07.08"]

1. e4 c6 2. Nc3 d5 3. Qe2 d4 4. Nd1 e5 5. g3 c5 6. d3 Nc6 7. Bg2 h5 8. f4 Bg4
9. Bf3 Nf6 10. Nf2 Bxf3 11. Nxf3 Bd6 12. f5 Qc7 13. Bg5 O-O-O 14. O-O Be7 15.
h3 Nh7 16. Bd2 Rdg8 17. Kh2 g6 18. fxg6 Rxg6 19. Rg1 Rhg8 20. Nh4 Bxh4 21. gxh4
Nf6 22. Nh1 Ne7 23. Ng3 Qb6 24. b3 Qe6 25. Raf1 Rh8 26. Bg5 Nd7 27. Qf3 f6 28.
Bd2 Qf7 29. Rf2 Kc7 30. Rfg2 Qh7 31. b4 b6 32. a4 Rg7 33. a5 Rg6 34. axb6+ axb6
35. c3 dxc3 36. Bxc3 Qh6 37. Bd2 Qh7 38. Be3 Nc6 39. bxc5 bxc5 40. Rc1 Nd4 41.
Bxd4 exd4 42. Qf4+ Kc6 43. Ra2 Rb8 44. Nf5 Rb6 45. Nxd4+ Kb7 46. Ra7+ 1-0

[Event "Int. Championship of Central Serbia - OP"]
[Site "Paracin"]
[Date "2011.07.11"]
[Round "4.37"]
[White "Ratkovic, Miloje"]
[Black "Steiner, Bruno"]
[Result "1-0"]
[WhiteElo "2132"]
[BlackElo "2207"]
[PlyCount "59"]
[EventDate "2011.07.08"]

1. d4 Nf6 2. Nf3 e6 3. c4 d5 4. Nc3 c6 5. cxd5 exd5 6. Bg5 Be7 7. Qc2 g6 8. e3
Bf5 9. Bd3 Bxd3 10. Qxd3 Na6 11. h4 h5 12. Ne5 Nb4 13. Qe2 Qd6 14. O-O Ng8 15.
Bf4 Qe6 16. a3 Na6 17. b4 Bxh4 18. b5 Nb8 19. bxc6 bxc6 20. Qb2 Qc8 21. Nxd5
cxd5 22. Qb5+ Nd7 23. Rac1 Qd8 24. Qxd5 Rh7 25. Nxd7 Ne7 26. Qb7 g5 27. Nf6+
Kf8 28. Nxh7+ Kg7 29. Bxg5 Kxh7 30. Bxh4 1-0

[Event "Int. Championship of Central Serbia - OP"]
[Site "Paracin"]
[Date "2011.07.11"]
[Round "4.38"]
[White "Markovic, Sasa"]
[Black "Radovanovic, Nikola"]
[Result "0-1"]
[WhiteElo "2198"]
[BlackElo "2096"]
[Annotator ",WORKGROUP"]
[PlyCount "60"]
[EventDate "2011.07.08"]

1. b3 d5 2. Bb2 Bg4 3. g3 Nc6 4. d4 Nf6 5. Bg2 e6 6. Nd2 Bd6 7. f4 Bf5 8. a3
Ng4 9. Nf1 h5 10. h3 Nf6 11. e3 Ne7 12. Nd2 g5 13. Ngf3 gxf4 14. gxf4 Be4 15.
c4 Nf5 16. Nf1 c6 17. c5 Be7 18. Qe2 Qa5+ 19. Kd1 Rg8 20. Rh2 Qb5 21. Qxb5 cxb5
22. Ne1 Nh4 23. Bxe4 Nxe4 24. Ke2 Rg1 25. Nf3 Rxf1 26. Kxf1 Nxf3 27. Rc2 Kd7
28. Ke2 Nh4 29. Rg1 Nf5 30. Bc1 Bh4 {necitko} 0-1

[Event "Int. Championship of Central Serbia - OP"]
[Site "Paracin"]
[Date "2011.07.11"]
[Round "4.39"]
[White "Osmanovic, Faruk"]
[Black "Wilke, Werner"]
[Result "0-1"]
[WhiteElo "2053"]
[BlackElo "2198"]
[PlyCount "95"]
[EventDate "2011.07.08"]

1. e4 e6 2. d3 c5 3. Nf3 g6 4. g3 Bg7 5. Bg2 Nc6 6. c3 Nge7 7. O-O O-O 8. Be3
d6 9. Na3 e5 10. d4 cxd4 11. cxd4 d5 12. exd5 Nxd5 13. Bg5 f6 14. Bc1 exd4 15.
Nxd4 f5 16. Nxc6 bxc6 17. Qa4 Bb7 18. Nc4 a5 19. Bd2 f4 20. Rad1 f3 21. Bh3 Bc8
22. Bxc8 Qxc8 23. Kh1 Qh3 24. Rg1 Nf6 25. Ne5 Rae8 26. Qc4+ Kh8 27. Nf7+ Rxf7
28. Qxf7 Rf8 29. Qxf8+ Bxf8 30. Bc3 Bg7 31. Rd3 Qf5 32. Rd8+ Ng8 33. g4 Qe6 34.
Rf8 Bxc3 35. bxc3 Qd5 36. h4 Kg7 37. Rf4 Qxa2 38. Rxf3 Qd5 39. Rgg3 Nf6 40. Kg2
Ne4 41. Rd3 Nxg3+ 42. Rxd5 cxd5 43. Kxg3 a4 44. Kf4 a3 45. Ke5 a2 46. Kxd5 a1=Q
47. c4 Qd1+ 48. Ke6 0-1

[Event "Int. Championship of Central Serbia - OP"]
[Site "Paracin"]
[Date "2011.07.11"]
[Round "4.41"]
[White "Suc, Timothy"]
[Black "Stefanovic, Vladimir"]
[Result "0-1"]
[WhiteElo "2025"]
[BlackElo "2176"]
[PlyCount "118"]
[EventDate "2011.07.08"]

1. e4 c5 2. b3 Nc6 3. Bb2 e5 4. Bc4 Nf6 5. d3 Be7 6. Nc3 O-O 7. Nge2 d6 8. O-O
a6 9. a4 Nd4 10. f4 Be6 11. f5 Bxc4 12. dxc4 b5 13. axb5 axb5 14. cxb5 Qb6 15.
Kh1 Rxa1 16. Bxa1 Nxb5 17. Nxb5 Qxb5 18. Nc3 Qb7 19. Qd3 Ra8 20. Bb2 Bf8 21.
Rg1 h5 22. h3 Rc8 23. Bc1 Qb4 24. Nd5 Nxd5 25. Qxd5 c4 26. Bg5 cxb3 27. cxb3
Rc5 28. Qa8 Rb5 29. Rb1 Rb7 30. Rc1 Rb8 31. Qc6 Qxb3 32. Rc3 Qb7 33. Qc4 Qb5
34. Qc7 Ra8 35. Kh2 Qe2 36. Qc6 Qa6 37. Qd5 Rc8 38. Rxc8 Qxc8 39. Be3 Be7 40.
Kg1 Qa6 41. Kf2 Bh4+ 42. g3 Be7 43. h4 Qa4 44. Qb7 Qc2+ 45. Kf3 Qd1+ 46. Kf2
Bf8 47. Qa8 Qg4 48. Qd5 g6 49. fxg6 Qxg6 50. Bg5 Kh7 51. Qb7 Qe6 52. Qb1 Kg6
53. Qb8 Bg7 54. Qg8 Qa2+ 55. Kf3 Qb3+ 56. Be3 Qd3 57. Qa8 Kh7 58. Qe8 Qf1+ 59.
Bf2 Qh1+ 0-1

[Event "Int. Championship of Central Serbia - OP"]
[Site "Paracin"]
[Date "2011.07.11"]
[Round "4.42"]
[White "Jeremic, Milan"]
[Black "Grbic, Branko"]
[Result "1-0"]
[WhiteElo "2172"]
[BlackElo "1922"]
[PlyCount "137"]
[EventDate "2011.07.08"]

1. d4 Nf6 2. g3 e6 3. Bg2 Be7 4. Nf3 d5 5. O-O O-O 6. b3 b6 7. Bb2 Bb7 8. c4
Nbd7 9. Nc3 c5 10. cxd5 exd5 11. Rc1 Rc8 12. h4 Ne4 13. e3 f5 14. dxc5 Ndxc5
15. Ne2 Ba6 16. Ba3 Qd7 17. Nfd4 Nd3 18. Rxc8 Rxc8 19. Bxe7 Qxe7 20. Nxf5 Qe5
21. Ned4 g6 22. Nh6+ Kg7 23. Ng4 Qe8 24. Qa1 Kf7 25. Nf3 Nc3 26. Ng5+ Ke7 27.
Nxh7 Qd7 28. Nhf6 Qd6 29. Nxd5+ Nxd5 30. Qg7+ Kd8 31. Qg8+ Ke7 32. Qg7+ Kd8 33.
Qd4 N3b4 34. Rd1 Be2 35. Qh8+ Kc7 36. Rc1+ Nc6 37. Qd4 Bxg4 38. Qxg4 Nde7 39.
b4 b5 40. a4 Qd2 41. Qf4+ Kb6 42. Rc5 Qd1+ 43. Bf1 Qxa4 44. Rxb5+ Qxb5 45. Bxb5
Kxb5 46. g4 Kb6 47. Qd6 Rd8 48. Qc5+ Kc7 49. b5 Rd5 50. Qc4 Kd6 51. bxc6 Nxc6
52. f4 a5 53. Qc2 Ne7 54. Kf2 Rc5 55. Qd3+ Ke6 56. e4 Kf7 57. Qb3+ Kf8 58. Ke3
Nc6 59. Qb6 Rc2 60. Qb7 Rc3+ 61. Kd2 Rc4 62. Kd3 Rc1 63. e5 Nb4+ 64. Kd2 Rc2+
65. Kd1 Rc4 66. f5 gxf5 67. gxf5 Rxh4 68. e6 Rd4+ 69. Ke2 1-0

[Event "Int. Championship of Central Serbia - OP"]
[Site "Paracin"]
[Date "2011.07.11"]
[Round "4.44"]
[White "Ivanovic, Andrej"]
[Black "Mladenovic, Stefan"]
[Result "0-1"]
[WhiteElo "2001"]
[BlackElo "2161"]
[PlyCount "120"]
[EventDate "2011.07.08"]

1. d4 Nf6 2. Bf4 e6 3. e3 b6 4. Nf3 Bb7 5. Bd3 c5 6. c3 cxd4 7. cxd4 Be7 8. h3
O-O 9. Nc3 d6 10. O-O Re8 11. Bh2 a6 12. Rc1 Nbd7 13. a4 Bf8 14. e4 e5 15. d5
Nc5 16. b4 Nxd3 17. Qxd3 a5 18. b5 Nd7 19. Ne2 Nc5 20. Rxc5 dxc5 21. g4 Qf6 22.
Nd2 Rad8 23. Nc4 g6 24. f3 h5 25. Bg3 Bc8 26. Qc3 Bg7 27. Nc1 Rd7 28. Nd3 Qd8
29. Bxe5 f6 30. Bg3 f5 31. Be5 fxg4 32. Bxg7 Rxg7 33. Nde5 gxh3 34. f4 Qh4 35.
Kh2 g5 36. Qg3 Qxg3+ 37. Kxg3 gxf4+ 38. Kh2 Rg5 39. Rg1 Bg4 40. Nf3 Rxe4 41.
Nxg5 Rxc4 42. d6 Rc2+ 43. Kh1 Rd2 44. Ne4 Rd4 45. Nf6+ Kf7 46. Nxg4 hxg4 47.
Rxg4 Rxd6 48. Rxf4+ Rf6 49. Rh4 Ke6 50. Rxh3 Kd5 51. Rh8 c4 52. Rc8 Rf7 53. Rc6
Rb7 54. Kg2 Kd4 55. Kf2 Kc3 56. Ke3 Kb3 57. Kd4 Rd7+ 58. Ke4 c3 59. Rxb6 c2 60.
Rc6 Kb2 0-1

[Event "Int. Championship of Central Serbia - OP"]
[Site "Paracin"]
[Date "2011.07.11"]
[Round "4.45"]
[White "Jovanovic, Bojan P"]
[Black "Uyanik, Mehmet"]
[Result "1-0"]
[WhiteElo "2222"]
[BlackElo "1719"]
[PlyCount "117"]
[EventDate "2011.07.08"]

1. g3 Nf6 2. Bg2 d5 3. c4 c6 4. cxd5 cxd5 5. Nf3 Nc6 6. O-O e5 7. d4 e4 8. Ne5
Bd6 9. Nxc6 bxc6 10. Nc3 h6 11. f3 exf3 12. exf3 O-O 13. Qd3 Re8 14. Be3 Qb6
15. Rf2 Rb8 16. Bf1 Qc7 17. Rc1 Nh5 18. Nxd5 Qa5 19. Nc3 Bf5 20. Qd2 Bh7 21.
Bd3 Re6 22. Ne4 Bb4 23. Nc3 Bxd3 24. Qxd3 Rbe8 25. Bd2 Nf6 26. a3 Bxc3 27. Bxc3
Qd5 28. Qa6 Re3 29. Qf1 Nh7 30. Bd2 R3e6 31. Qc4 Qf5 32. Qc5 Qd3 33. Qc3 Qg6
34. Kg2 Ng5 35. h4 Nh7 36. Re1 Rxe1 37. Bxe1 Qe6 38. Bd2 Nf6 39. Qc5 Qd7 40.
Bc1 Nd5 41. b4 Re6 42. a4 a6 43. Rc2 Rg6 44. b5 axb5 45. axb5 Qc7 46. g4 h5 47.
Qxd5 hxg4 48. Bg5 gxf3+ 49. Kxf3 Qc8 50. Qd8+ Qxd8 51. Bxd8 cxb5 52. Ke4 Rd6
53. Bc7 Rh6 54. Bg3 Rh5 55. Rc8+ Kh7 56. d5 g5 57. hxg5 Rxg5 58. d6 Rg4+ 59.
Bf4 1-0

[Event "Int. Championship of Central Serbia - OP"]
[Site "Paracin"]
[Date "2011.07.11"]
[Round "4.46"]
[White "Antic, Dragan"]
[Black "Bolt, Graham"]
[Result "1-0"]
[WhiteElo "2144"]
[BlackElo "2074"]
[PlyCount "103"]
[EventDate "2011.07.08"]

1. d4 g6 2. c4 Bg7 3. Nf3 d6 4. g3 Nc6 5. Bg2 Bg4 6. O-O Qd7 7. Re1 Bxf3 8.
Bxf3 Nxd4 9. Bxb7 Rb8 10. Bg2 c5 11. Nc3 Nf6 12. e3 Ne6 13. Rb1 O-O 14. b3 Nd8
15. Bb2 Nc6 16. Na4 Qc7 17. Qd2 Rfd8 18. Red1 Nd7 19. Nc3 a6 20. Nd5 Qc8 21.
Bh3 Bxb2 22. Qxb2 Re8 23. f4 Qb7 24. Bg2 Rbc8 25. Qe2 Qa7 26. Qg4 Nb4 27. Bh3
Nb6 28. Nc3 Rcd8 29. Bg2 Qc7 30. Qf3 a5 31. a3 Na6 32. Nb5 Qb8 33. Qc6 Rd7 34.
Nc3 Qa7 35. h4 Rc8 36. Qe4 Nc7 37. f5 Re8 38. Qg4 Kh8 39. Bc6 Rg8 40. f6 Rdd8
41. fxe7 Rb8 42. Rxd6 Ne8 43. Qe4 Rc8 44. Nb5 Qb8 45. Rbd1 Rxc6 46. Qxc6 Nc8
47. Qxc5 Ncxd6 48. Nxd6 Qxb3 49. Nxf7+ Kg7 50. Qe5+ Nf6 51. Rf1 Qb6 52. Nd6 1-0

[Event "Int. Championship of Central Serbia - OP"]
[Site "Paracin"]
[Date "2011.07.11"]
[Round "4.47"]
[White "Draskovic, Luka"]
[Black "Prijovic, Bojan"]
[Result "0-1"]
[WhiteElo "2135"]
[BlackElo "1957"]
[PlyCount "58"]
[EventDate "2011.07.08"]

1. e4 e6 2. d4 d5 3. Nc3 dxe4 4. Nxe4 Nd7 5. Nf3 Ngf6 6. Nxf6+ Nxf6 7. Bg5 Be7
8. Bd3 O-O 9. Qe2 c5 10. dxc5 Qa5+ 11. Bd2 Qxc5 12. O-O-O Bd7 13. Ne5 Bc6 14.
f4 Bd5 15. Kb1 b6 16. Rhg1 Rfd8 17. g4 Nd7 18. g5 Nxe5 19. fxe5 Rac8 20. Rg4
Qc6 21. Rh4 g6 22. Rf1 h5 23. b3 b5 24. Rxf7 Kxf7 25. Bxg6+ Kg7 26. Bd3 Bf3 27.
Qe3 Bc5 28. Qe1 Rxd3 29. cxd3 Ba3 0-1

[Event "Int. Championship of Central Serbia - OP"]
[Site "Paracin"]
[Date "2011.07.11"]
[Round "4.48"]
[White "Miladinovic, Lena"]
[Black "Zekaj, Dritan"]
[Result "1/2-1/2"]
[WhiteElo "2074"]
[BlackElo "2120"]
[Annotator ",WORKGROUP"]
[PlyCount "60"]
[EventDate "2011.07.08"]

1. e4 e5 2. Nf3 Nc6 3. d4 exd4 4. Nxd4 Bc5 5. Be3 Qf6 6. c3 Nge7 7. g3 d5 8.
Bg2 dxe4 9. Nd2 Bf5 10. Nxf5 Qxf5 11. Bxe4 Qe5 12. Bf4 Qf6 13. O-O O-O-O 14. b4
Bd6 15. Be3 Be5 16. b5 Na5 17. Qc2 Nd5 18. Bxd5 Rxd5 19. f4 Bxc3 20. Rac1 Rxd2
21. Bxd2 Bd4+ 22. Kg2 Bb6 23. Be3 c6 24. Bxb6 axb6 25. Rf3 Rd8 26. bxc6 bxc6
27. Rd3 Kc7 28. Rxd8 Qxd8 29. Rd1 Qe7 30. g4 h5 {necitko} 1/2-1/2

[Event "Int. Championship of Central Serbia - OP"]
[Site "Paracin"]
[Date "2011.07.11"]
[Round "4.49"]
[White "Milosevic, Rade"]
[Black "Markoja, Sebastijan"]
[Result "1/2-1/2"]
[WhiteElo "2105"]
[BlackElo "1923"]
[PlyCount "132"]
[EventDate "2011.07.08"]

1. c4 Nf6 2. Nf3 g6 3. Nc3 Bg7 4. e4 d6 5. d4 O-O 6. h3 e5 7. dxe5 dxe5 8. Qxd8
Rxd8 9. Bg5 Na6 10. Nd5 Rd6 11. Bxf6 Bxf6 12. Nxf6+ Rxf6 13. Bd3 Re6 14. Ke2
Re8 15. a3 c6 16. b4 Nc7 17. Rhd1 f6 18. c5 Be6 19. Ne1 Rad8 20. Rd2 Rd7 21.
Nc2 Red8 22. Rad1 Bb3 23. Ke3 Kf8 24. Rc1 Nb5 25. Ne1 Nd4 26. Rb2 Be6 27. f4
Ke7 28. Rc3 h5 29. Rf2 Rf8 30. Nf3 Nxf3 31. Rxf3 exf4+ 32. Rxf4 g5 33. Rf1 Rfd8
34. Rd1 Rc7 35. Be2 Bf7 36. a4 a6 37. h4 g4 38. Rf1 Rcd7 39. b5 axb5 40. axb5
cxb5 41. Bxb5 Rc7 42. Rfc1 Rdc8 43. g3 Bg6 44. Rc4 Bh7 45. R4c2 Bg6 46. Bd3 Rd8
47. Rb1 Rdc8 48. Rb6 Bf7 49. Kf4 Rxc5 50. Rxb7+ Kf8 51. Rcb2 Rc3 52. Rd7 Bc4
53. Rd2 Rxd3 54. R2xd3 Bxd3 55. Rxd3 Kg7 56. Kf5 Rc5+ 57. Rd5 Rc3 58. Rd7+ Kh6
59. Kxf6 Rxg3 60. Rd8 Rf3+ 61. Ke6 g3 62. Rg8 Rf4 63. Rxg3 Rxe4+ 64. Kf5 Rxh4
65. Rg6+ Kh7 66. Ra6 Rb4 1/2-1/2

[Event "Int. Championship of Central Serbia - OP"]
[Site "Paracin"]
[Date "2011.07.11"]
[Round "4.50"]
[White "Jovanovic, Miroslav O"]
[Black "Perunovic, Ljubivoje"]
[Result "0-1"]
[WhiteElo "2135"]
[BlackElo "2006"]
[PlyCount "124"]
[EventDate "2011.07.08"]

1. d4 c5 2. d5 e5 3. e4 d6 4. g3 g6 5. Bg2 Bg7 6. Ne2 Nf6 7. c4 O-O 8. Nbc3 a6
9. Bg5 h6 10. Bd2 Nbd7 11. Qc1 Kh7 12. O-O Ne8 13. a3 Rb8 14. a4 b6 15. Qc2 Nc7
16. f4 b5 17. f5 g5 18. cxb5 axb5 19. Nd1 bxa4 20. Rxa4 Nb6 21. Ra3 Nb5 22. Ra2
Nd4 23. Nxd4 exd4 24. f6 Bh8 25. e5+ Kg8 26. e6 Bxf6 27. exf7+ Kg7 28. Ra7 Nd7
29. Ba5 Qe7 30. Bh3 Rb7 31. Ra8 Nb6 32. Re1 Be5 33. Bxc8 Rxc8 34. Rxc8 Nxc8 35.
Rf1 Qf8 36. b4 Rxf7 37. Rxf7+ Qxf7 38. bxc5 Qxd5 39. cxd6 Nxd6 40. Bd2 Ne4 41.
Qd3 Nxd2 42. Qxd2 Qf3 43. Nf2 Kf6 44. Qa2 Kg6 45. Qc2+ Qf5 46. Qc4 h5 47. Qc6+
Bf6 48. Qe8+ Kh6 49. Qf8+ Kg6 50. Qe8+ Kg7 51. Qxh5 d3 52. Kg2 d2 53. Qe2 Qd5+
54. Qf3 Qd4 55. Nd1 g4 56. Qb7+ Kg6 57. Qb1+ Kg5 58. h4+ gxh3+ 59. Kxh3 Qg1 60.
Qb5+ Kh6 61. Qe2 Qh1+ 62. Kg4 Qh5+ 0-1

[Event "Int. Championship of Central Serbia - OP"]
[Site "Paracin"]
[Date "2011.07.11"]
[Round "4.51"]
[White "Rodic, Dragan"]
[Black "Tonic, Milos"]
[Result "1-0"]
[WhiteElo "2063"]
[BlackElo "2151"]
[Annotator ",WORKGROUP"]
[PlyCount "67"]
[EventDate "2011.07.08"]

1. d4 Nf6 2. c4 c5 3. Nf3 cxd4 4. Nxd4 e5 5. Nb5 d6 6. Bg5 Be7 7. N1c3 Be6 8.
Bxf6 gxf6 9. Nd5 Bxd5 10. Qxd5 Qa5+ 11. Nc3 Nc6 12. Qxa5 Nxa5 13. e3 Rc8 14. b3
f5 15. Nd5 Rg8 16. g3 e4 17. h4 h5 18. Bh3 Rg4 19. Bxg4 fxg4 20. O-O Nc6 21.
Rfd1 Ne5 22. a4 a5 23. Nf4 Nf3+ 24. Kf1 Bf6 25. Rac1 Be5 26. Nxh5 Ke7 27. Nf4
Bb2 28. Rb1 Ba3 29. Ke2 Bc5 30. Rd5 Ne5 31. h5 Rh8 32. Rh1 Rh6 33. Rh4 b6 34.
Kf1 {... necitko} 1-0

[Event "nt. Championship of Central Serbia - O"]
[Site "?"]
[Date "2011.07.11"]
[Round "4.26"]
[White "Savicevic, Vlatko"]
[Black "Radosavljevic, Slobodan"]
[Result "1/2-1/2"]
[WhiteElo "2334"]
[BlackElo "2223"]
[PlyCount "43"]
[EventDate "2011.07.22"]
[SourceDate "2011.07.22"]

1. Nf3 Nf6 2. c4 c5 3. g3 g6 4. Bg2 Bg7 5. O-O O-O 6. Nc3 Nc6 7. d3 d6 8. a3 a6
9. Rb1 Rb8 10. Bd2 Bd7 11. b4 cxb4 12. axb4 b5 13. cxb5 axb5 14. d4 d5 15. Bf4
Rb7 16. Ne5 e6 17. Nxc6 Bxc6 18. Be5 Nd7 19. Bxg7 Kxg7 20. Qd3 Nf6 21. Ra1 Qd6
22. Rfb1 1/2-1/2